| 000 | 00555nam a2200193 4500 | ||
|---|---|---|---|
| 005 | 20250605162711.0 | ||
| 010 | _aENG-145227 | ||
| 020 |
_a9789386797063 _c699.00 |
||
| 035 | _aEN-128759 | ||
| 037 | _bDBAD | ||
| 082 | _aS | ||
| 100 |
_aChoudhury, Chandrahas _981741 |
||
| 245 |
_aClouds/ _cChandrahas Choudhury |
||
| 250 | _a1 | ||
| 260 |
_aNew Delhi _bSimons & Schuster India _c2018 |
||
| 270 |
_a818, Inderprakash Building 21 Barakhamba Road _bNew Delhi _e110001 _mshanlaxpublications.com |
||
| 300 |
_a280p. _c24cm(hb) |
||
| 942 |
_2ddc _cEN _hS _mCHO |
||
| 999 |
_c211632 _d211632 |
||